000 00658nam a22001937a 4500
999 _c186216
_d186216
005 20220406112750.0
010 _aENG-131647
020 _a9788194878490
_c721.00
035 _aEN-115179
037 _bDBAD
082 _a005.13
100 _aPrasad, L.V. Narasimha
245 _aProgramming for Problem Solving Using C /
_cL.V. Narasimha Prasad, E. Krishna Rao Patro
260 _aHyderabad
_bSpectrum Publishing House
_c2021
270 _a# 326/C, III Floor, Surneni Nilayam Near B K Guda Park, S R Nagar
_bHyderabad
_e500038
300 _aviii, 584p.
_c24cm(pbk)
700 _aPatro, E. Krishna Rao
942 _2ddc
_cEN
_h005.13
_mPRA